Animals that start with P by picture - Statistics

General Stats
  • This quiz has been taken 117 times
    97 since last reset
  • The average score is 11 of 15
Answer Stats
Picture Answer % Correct
pig
97%
panda
95%
polar bear
95%
peacock
91%
penguin
91%
panther
89%
parrot
89%
python
80%
pelican
78%
pigeon
75%
porcupine
75%
platypus
69%
prairy dog
53%
polecat
38%
pallas cat
30%
No matching quizzes found
Score Distribution
Percent of People with Each Score
Percentile by Number Answered
Your Score History
You have not taken this quiz since the last reset